000 00571nam a2200169 i 4500
001 26015
003 ES-MaACL
005 20230906153355.0
007 t|
008 030107s1970 sp ||||1| spa d
245 0 0 _aAsociaciones de investigación
_b: memoria 1969.
260 _aMadrid :
_bPresidencia del Gobierno. Comisión Asesora de Investigación Científica y Técnica,
_c1970.
300 _a437 p. ;
_c21 cm.
610 2 4 _aAsociaciones de Investigación-
_vMemorias.
_9170445
650 4 _aInvestigación-
_zEspaña.
_913893
852 _aES-MaACL
_jC-46279
_bR.74350
999 _c26015
_d26015